000 00691nam a2200241Ia 4500
003 OSt
005 20220918223818.0
006 a|||||r|||| 00| 0
007 ta
008 220917b |||||||| |||| 00| 0 eng d
024 _a225,285
037 _cTextual
040 _aARTS
_cARTS
_beng
041 _2eng
_aeng
082 _aW0aY7, P5
100 _aInda Jonathan Xavier Ed.
_931422
245 0 _aAnthropolgies of modernity
_b Foucault, governmentality, and life politcs
260 _aU.S.A.
_bBlackwell pub.
_c2005
300 _avi, 280p
_ccm.
650 _aPOLITICAL SCIENCE
942 _hW0aY7, P5
_cTEXL
_2CC
999 _c279535
_d279535